| 000 | 00691nam a22001937a 4500 | ||
|---|---|---|---|
| 999 |
_c171695 _d171695 |
||
| 005 | 20200117143255.0 | ||
| 010 | _aA-773233 | ||
| 020 |
_cN.A. _a- |
||
| 035 | _aA-773233 | ||
| 037 |
_bBPPD/Pub. _a- |
||
| 082 | _a844 | ||
| 100 | _aعثما نی معين ا لد ين | ||
| 245 |
_aشا ہين:ا فسا نے تجز ۓ ا و ر مقا لا ت _cعثما نی معين ا لد ين |
||
| 246 |
_bShaheen:Afsane Tajaziey Aur Maqalat (Urdu) _aEdited by Moinuddin Usmani |
||
| 260 |
_aMaharashtra _bIdara Shaheen Library _c1994 ء |
||
| 270 |
_aShahoo Nagar Jalgaon _bMaharashtra _e25001 _k- _l- |
||
| 300 |
_a116 ص _c22 Cm(Hb) |
||
| 942 |
_2ddc _cUR _h844 _e844 _kع ث م |
||